| 000 | 00993nam a22002537a 4500 | ||
|---|---|---|---|
| 001 | BRCA_9323 | ||
| 003 | FranzMayer | ||
| 005 | 20230918120134.0 | ||
| 008 | 230823b |||||||| |||| 00| 0 eng d | ||
| 020 | _a8479593083 | ||
| 040 |
_aMFM _besp _cMFM |
||
| 050 | 0 |
_aNK700.A74 _b.S26 2000 |
|
| 100 | 1 |
_4Autor _aSanz, María Jesús _929103 |
|
| 240 |
_aLa custodia procesional _hEnrique de Arfe y su escuela _lEspañol |
||
| 245 |
_aLa custodia procesional _bEnrique de Arfe y su escuela |
||
| 260 |
_aCórdoba, España _bCaja sur _c2000 |
||
| 300 |
_a154 p _bIlustraciones a color _c21 cm |
||
| 500 | _aAnexo 1 | ||
| 500 | _aEl libro contiene una nota al inicio con una dedicatoria a Héctor Rivero. | ||
| 505 | _aTexto en: españolIncluye índice temáticoIncluye bibliografía pp: 139-144Dirigido a: artistas, historiadores del arte. | ||
| 650 | 1 |
_2Artes decorativas _aHistoria del arte _vArte medieval _929104 |
|
| 651 | 2 |
_2Arte español _aEnrique de Arfe _929105 |
|
| 942 |
_2lcc _cB |
||
| 999 |
_c10945 _d10945 |
||